|
|
|
|
| LEADER |
00000nab a2200000 a 4500 |
| 001 |
vtls009948254 |
| 003 |
SK-MaSNL |
| 005 |
20260305010556.0 |
| 008 |
180907c2009 xo br pe 000 0 slo |
| 015 |
|
|
|a SNBRB2009/09
|2 pppkcl
|
| 038 |
|
|
|a PPPKCL
|
| 040 |
|
|
|a PPPKCL
|b slo
|c PPPKCL
|e AACR2
|
| 041 |
0 |
|
|a slo
|
| 044 |
|
|
|a xo
|c SK
|
| 080 |
|
|
|a 502.21(1-751.2)
|x (234.372.4)
|2 2001
|
| 080 |
|
|
|a 929
|2 2001
|
| 100 |
1 |
|
|a Pacl, Juraj,
|d 1926-2011
|4 aut
|9 195551
|
| 245 |
1 |
0 |
|a Galéria priekopníkov Tatranského národného parku
|c Juraj Pacl ; ilustračná snímka Miloš Brtáň
|
| 300 |
|
|
|b Fotogr.
|
| 600 |
1 |
7 |
|a Andrusov, Dimitrij,
|d 1897-1976
|2 pppkcl
|9 37244
|
| 600 |
1 |
7 |
|a Dub, Oto,
|d 1902-1979
|2 pppkcl
|9 215575
|
| 600 |
1 |
7 |
|a Futák, Ján,
|d 1914-1980
|2 pppkcl
|9 38392
|
| 600 |
1 |
7 |
|a Gorek, Augustín,
|d 1924-1996
|2 pppkcl
|9 120468
|
| 600 |
1 |
7 |
|a Hadač, Emil,
|d 1914-2003
|2 pppkcl
|9 6701
|
| 600 |
1 |
7 |
|a Kňazovický, Ladislav,
|d 1927-2014
|2 pppkcl
|9 1586057
|
| 600 |
1 |
7 |
|a Kocian, Ľudovít,
|d 1947-
|2 pppkcl
|9 108917
|
| 600 |
1 |
7 |
|a Konček, Mikuláš,
|d 1900-1982
|2 pppkcl
|9 38407
|
| 600 |
1 |
7 |
|a Lisický, Mikuláš,
|d 1946-2008
|2 pppkcl
|9 8352
|
| 600 |
1 |
7 |
|a Lukniš, Michal,
|d 1916-1986
|2 pppkcl
|9 37065
|
| 600 |
1 |
7 |
|a Matis, Július,
|d 1894-1973
|2 pppkcl
|9 52879
|
| 600 |
1 |
7 |
|a Mazúr, Emil,
|d 1925-1990
|2 pppkcl
|9 37084
|
| 600 |
1 |
7 |
|a Pacanovský, Milan,
|d 1925-1982
|2 pppkcl
|9 175572
|
| 600 |
1 |
7 |
|a Pacl, Juraj,
|d 1926-2011
|2 pppkcl
|9 195551
|
| 600 |
1 |
7 |
|a Paclová, Libuše,
|d 1928-
|2 pppkcl
|9 112624
|
| 600 |
1 |
7 |
|a Petrovič, Štefan,
|d 1906-2000
|2 pppkcl
|9 201413
|
| 600 |
1 |
7 |
|a Šmarda, Jan,
|d 1904-1968
|2 pppkcl
|9 123964
|
| 600 |
1 |
7 |
|a Turček, František Jozef,
|d 1915-1977
|2 pppkcl
|9 37753
|
| 610 |
2 |
7 |
|a Výskumná stanica Tatranského národného parku (Tatranská Lomnica, Slovensko)
|2 pppkcl
|9 55662
|
| 610 |
2 |
7 |
|a Poradný zbor pre veci Tatranského národného parku (Tatranská Lomnica, Slovensko)
|2 pppkcl
|9 95209
|
| 650 |
0 |
7 |
|a národné parky
|2 pppkcl
|9 3797
|
| 650 |
0 |
7 |
|a osobnosti
|2 pppkcl
|9 29820
|
| 651 |
|
7 |
|a Vysoké Tatry (Poľsko a Slovensko : pohorie)
|2 SNKPHgeo
|9 67729
|
| 655 |
|
7 |
|a biografie
|2 pppkcl
|9 27965
|
| 700 |
1 |
|
|a Brtáň, Miloš
|4 pht
|9 1037802
|
| 773 |
0 |
|
|t Tatry : dvojmesačník Štátnych lesov Tatranského národného parku v Tatranskej Lomnici
|g Roč. XXXXVIII, č. 3 (2009), s. 12-15
|x 1335-6828
|
| 852 |
|
|
|a PPPK
|b KIS3GCP
|
| 958 |
|
|
|a BX
|
| 999 |
|
|
|c 3247421
|d 3249351
|